A strategy for reducing the immaturity period of rubber in smallholdings (Record no. 52421)

MARC details
000 -LEADER
fixed length control field 00415nam a2200121Ia 4500
100 ## - MAIN ENTRY--AUTHOR NAME
Personal name George C.M.
245 #2 - TITLE STATEMENT
Title A strategy for reducing the immaturity period of rubber in smallholdings
260 ## - PUBLICATION, DISTRIBUTION, ETC. (IMPRINT)
Name of publisher Planters' Conference India, 19 April 1990, Rubber Board, Kottayam, India, pp.14-20.
Year of publication 1990
650 ## - SUBJECT ADDED ENTRY--TOPICAL TERM
Topical Term Immaturity period
650 ## - SUBJECT ADDED ENTRY--TOPICAL TERM
Topical Term Smallholdings
942 ## - ADDED ENTRY ELEMENTS (KOHA)
Koha item type Bibliography STAF
Holdings
Withdrawn status Lost status Damaged status Not for loan Home library Current library Date acquired Koha item type
      Bibliography RRII Library RRII Library 09/04/2014 Bibliography STAF